000 00469nam a22001697a 4500
999 _c76634
_d76634
005 20210803120211.0
010 _aENG-107597
020 _a9789350835104
_c125.00
035 _aEN-91130
037 _bDBAD/PUB
100 _aKhan, Amit
245 _aAn eternal love story /
_c by Amit Khan
260 _aNew Delhi
_bDiamond Pocket Book
_c2013
270 _aX-30, Okhla Industrial Area, Phase-II
_bNew Delhi
_e110020
300 _a143p.
_c23cm(pbk)
942 _2ddc
_cEN
_mKHA